UM Logo

Applying nursing diagnosis and nursing process : (Record no. 7506)

MARC details
000 -LEADER
fixed length control field 01374nam a2200193 4500
008 - FIXED-LENGTH DATA ELEMENTS--GENERAL INFORMATION
fixed length control field 170928b xxu||||| |||| 00| 0 eng d
020 ## - INTERNATIONAL STANDARD BOOK NUMBER
International Standard Book Number 0-397-54769-2
082 ## - DEWEY DECIMAL CLASSIFICATION NUMBER
Edition number 1990
Classification number DC 610.73
Item number Al2
100 ## - MAIN ENTRY--PERSONAL NAME
9 (RLIN) 22768
Personal name Alfaro-LeFevre, Rosalinda
245 ## - TITLE STATEMENT
Title Applying nursing diagnosis and nursing process :
Remainder of title a step-by-step guide /
Statement of responsibility, etc. Rosalinda Alfaro.
250 ## - EDITION STATEMENT
Edition statement Second Edition
260 ## - PUBLICATION, DISTRIBUTION, ETC. (IMPRINT)
Place of publication, distribution, etc. Philadelphia :
Name of publisher, distributor, etc. Lippincott,
Date of publication, distribution, etc. ©1990.
300 ## - PHYSICAL DESCRIPTION
Extent xix, 229 pages :
Other physical details illustrations ;
Dimensions 24 cm.
500 ## - GENERAL NOTE
General note Includes bibliographies and index.
520 ## - SUMMARY, ETC.
Summary, etc. "This is a step-by-step approach to the nursing process. This edition features expanded coverage of collaborative practice, critical paths, case management and leadership and delegation skills, presented in an interactive style. Emphasis is placed on the importance of standard-based, research-based practice according to the American Nurse's Association Standards of Nursing Practice; and critical thinking is presented as an important part of the nursing process. A nursing diagnosis guide covers actual, possible and high risk, wellness, syndrome and collaborative diagnoses. There are examples, opportunities for practice, and critical thinking exercises for students." -- Amazon.com
650 #0 - SUBJECT ADDED ENTRY--TOPICAL TERM
9 (RLIN) 22769
Topical term or geographic name as entry element Nursing -- Handbooks, manuals, etc
650 #0 - SUBJECT ADDED ENTRY--TOPICAL TERM
9 (RLIN) 22770
Topical term or geographic name as entry element Diagnosis -- Handbooks, manuals, etc
942 ## - ADDED ENTRY ELEMENTS (KOHA)
Source of classification or shelving scheme Dewey Decimal Classification
Koha item type Circulation
Holdings
Withdrawn status Lost status Source of classification or shelving scheme Damaged status Not for loan Collection code Home library Current library Date acquired Source of acquisition Total Checkouts Full call number Barcode Date last seen Copy number Price effective from Koha item type Shelving location
    Dewey Decimal Classification     Circulation UM Digos College - LIC UM Digos College - LIC 08/15/2003 Donated   DC 610.73 Al2 1990 15529 05/15/2025 3 09/28/2017 Circulation  
    Dewey Decimal Classification     Circulation UM Digos College - LIC UM Digos College - LIC 08/15/2003 Donated   DC 610.73 Al2 1990 15528 05/15/2025 2 09/28/2017 Circulation Book Cart
    Dewey Decimal Classification     Circulation UM Digos College - LIC UM Digos College - LIC 08/15/2003 Donated   DC 610.73 Al2 1990 15527 05/15/2025 1 09/28/2017 Circulation